[Event "SVK-chT2D 0708"]
[Site "Slovakia"]
[Date "2007.12.01"]
[Round "5.5"]
[White "Uhrin, Jan"]
[Black "Visocky, Peter"]
[Result "1-0"]
[WhiteElo "1549"]
[BlackElo "1785"]
[PlyCount "111"]
[EventDate "2007.10.06"]
[EventType "team-tourn"]
[EventRounds "11"]
[EventCountry "SVK"]
[SourceTitle "EXT 2010"]
[Source "ChessBase"]
[SourceDate "2010.11.25"]
[SourceVersion "1"]
[SourceVersionDate "2010.11.25"]
[SourceQuality "1"]
[WhiteTeam "Spisska Nova Ves"]
[BlackTeam "Gelnica Slovan"]
[WhiteTeamCountry "SVK"]
[BlackTeamCountry "SVK"]

1. e4 e5 2. Nf3 Nc6 3. Bb5 Nge7 4. Nc3 a6 5. Bxc6 Nxc6 6. d4 exd4 7. Nxd4 Qf6 8. Nxc6 dxc6 9. Be3 Be6 10. 0-0 Qg6 11. f4 Bg4 12. Qe1 Bb4 13. f5 Qh5 14. h3 Bxh3 15. gxh3 Qxh3 16. Qf2 Bxc3 17. bxc3 Qg4+ 18. Qg2 Qxg2+ 19. Kxg2 0-0-0 20. Rad1 Rde8 21. Kf3 f6 22. Rg1 Re7 23. Bc5 Rf7 24. Rg2 b6 25. Ba3 c5 26. Rc1 Rg8 27. c4 Kd7 28. Bb2 Ke7 29. Kf4 c6 30. Rh1 g5+ 31. fxg6 hxg6 32. Rh6 g5+ 33. Kf5 Rgf8 34. Rgh2 b5 35. cxb5 cxb5 36. Rh7 g4 37. Rxf7+ Kxf7 38. Bxf6 Rg8 39. Rg2 c4 40. Be5 a5 41. Rxg4 Rxg4 42. Kxg4 Ke6 43. Kf4 b4 44. Bg7 Kf7 45. Bd4 Ke6 46. Bc5 c3 47. Bf8 Kf7 48. Bd6 Ke6 49. e5 Kd5 50. Bf8 Kc4 51. e6 a4 52. e7 b3 53. axb3+ axb3 54. cxb3+ Kxb3 55. Ke4 Kb2 56. Bh6 1-0